000 00622nam a2200193Ia 4500
003 GCL
008 140319s9999 xx 000 0 ara d
040 _aGCL /
_cGCL
082 0 4 _a891.55
_bح د
100 1 _aحافظ شيرازى
245 1 0 _aديوان كامل : خواجة شمس الدين محمد حافظ شيرازى /
_cحافظ شيرازى
700 1 _aجلال الدين همائى (تقديم)
300 _a603 ص
490 _a
650 0 4 _aالشعر الفارسى
650 0 4 _aالادب الفارسى
650 0 4 _aالشعر الفارسى - دواوين وقصائد
942 _2ddc
_cBK
999 _c40607
_d40607